000 01851cam a2200349 a 4500
003 EG-GiCUC
005 20250223030957.0
008 140428s2013 ua dh f m 000 0 eng d
040 _aEG-GiCUC
_beng
_cEG-GiCUC
041 0 _aeng
049 _aDeposite
097 _aPh.D
099 _aCai01.11.15.Ph.D.2013.Kh.V
100 0 _aKhaled Nabil Ahmed Abdelrazik
245 1 0 _aVascular endothelial growth factor gene polymorphism as a risk factor of endometriosis /
_cKhaled Nabil Ahmed Abdelrazik ; Supervised Hisham Salah Eldin Hamza , Ahmed Mohamed Ibrahim Magdy , Wael Tharwat Elgarf
246 1 5 _aالتعدد الشكلى لجين العامل المحفز لنمو الأوعيه الدمويه كوسيط مسئول عن داء بطانة الرحم الهاجره
260 _aCairo :
_bKhaled Nabil Ahmed Abdelrazik ,
_c2013
300 _a135 P. :
_bcharts , facsimiles ;
_c25cm
502 _aThesis (Ph.D.) - Cairo University - Faculty of Medicine - Department of Gynecology and Obstetrics
520 _aThe aim of the study to investigate the potential association between the single nucleotide polymorphism +405G{u227B}C of the vascular endothelial growth factor (VEGF) gene with the risk of endometriosis. The sample of the study was 100 Egyptian women tested for association in a case-control study of 50 affected women and 50 women with no evidence of endometriosis
530 _aIssued also as CD
653 4 _aEndometriosis
653 4 _aSingle nucleotide gene polymorphism
653 4 _aVascular endothelial growth factor
700 0 _aAhmed Mohamed Ibrahim Magdy ,
_eSupervisor
700 0 _aHisham Salah Eldin Hamza ,
_eSupervisor
700 0 _aWael Tharwat Elgarf ,
_eSupervisor
856 _uhttp://172.23.153.220/th.pdf
905 _aNazla
_eRevisor
905 _aSamia
_eCataloger
942 _2ddc
_cTH
999 _c45899
_d45899